000 00709nam a22002297a 4500
999 _c10524
_d10524
003 AR-CdUCM
008 190401b ||||| |||| 00| 0 spa d
040 _aMUNICIPALIDAD PROVINCIAL DEL CUSCO
_cBIBLIOTECA MUNICIPAL DEL CUSCO
041 _hfre
082 _aES / 800 /
_bM57
110 _aEditorial Bruguera S. A.
_927441
245 _aLas Mil y Una Noches /
260 _aBarcelona :
_bBruguera S. A. ;
_c1957.
300 _a253 páginas ;
_bIlustraciones
_c20cm
440 _aColección Historias
_927112
505 _aContenido: Novela
650 _aNovela
_9572
650 _aLiteratura juvenil
_91580
700 _aGavín, Pilar (adaptación)
_927442
942 _2ddc
_cLIBROS
945 _anom